01778nam a2200289 a 450000100100000000500170001000800410002702000150006804000250008308200200010824501560012826000730028430000210035759000260037865100420040465100560044665100420050270000510054491000380059595202110063395201330084495201330097795201180111095201240122895201190135299900170147100003793120240308073618.0130308s2000 dr r 000 0 spa d a9993480266 aDO-SdBNPbspacBNPHU a972.9303bR311d00aRecopilación diplomática :brelativa a las colonias española y francesa de la isla de Santo Domingo 1684-1801 /cCompilador Carlos Esteban Deive. aSanto Domingo :bComisión Permanente de la Feria del Libro,c2000. a528 p. ;c24 cm. aInventariado, 2018/BT 4aRepública DominicanaxHistoria9170 4aRepública DominicanaxRelaciones Exteriores92258 4aFranciaxRelaciones Exteriores9543201 aDeive, Carlos Esteban,d1935-2019ecomp.91916 aValidado. control de calidad. MFF 001054708DSaGRbGRcHDd2015-08-05iLF1l0o972.9303 R311dp37931-30r2020-06-25te. 3w2020-06-25yLFDSzPerteneció a la biblioteca personal de Chiqui Vicioso / Fidelio Despradel.ZPréstamo en sala 001054708DSaGRbGRcHDd2018-06-15iLF1l0o972.9303 R311dp37931-40r2020-06-25te. 4w2020-06-25yLFDSZPréstamo en sala 001054708DSaGRbGRcHDd2019-05-30iLF1l0o972.9303 R311dp37931-50r2020-06-25te. 5w2020-06-25yLFDSZPréstamo en sala 0010718PDaPDbPDcHDd2013-03-08iLF1l0o972.9303 R311dp37931-10r2020-06-25w2020-06-25yLFPDZNo se presta 0010718PDaPDbPDcHDd2013-10-03iLF1l0o972.9303 R311dp37931-20r2020-06-25te. 2w2020-06-25yLFPDZNo se presta 00107-18PDaPDbPDcOId2013-03-08iLF1l0o972.9303 R311dp37932-10r2020-06-25w2020-06-25yLFPDZNo se presta c37421d37421